| 000 | 02427njm a2200397Ia 4500 | ||
|---|---|---|---|
| 001 | A9528 | ||
| 003 | IT-RoPAU | ||
| 005 | 20220918181115.0 | ||
| 008 | 131025s9999 xx 000 0 und d | ||
| 040 | _aIT-RoPAU | ||
| 040 | _cIT-RoPAU | ||
| 999 |
_c99306 _d99306 |
||
| 999 | _bn.d. | ||
| 100 |
_aAA.VV. _9794 |
||
| 100 |
_eAutore musica _928429 |
||
| 100 |
_gCodice autore musica SPICS: 12000 _9796 |
||
| 245 | _aCannonball Adderley | ||
| 250 | _a2a ed. | ||
| 260 | _aMILANO | ||
| 260 |
_bRUSCONI _c1992 [1a Ed.:0] |
||
| 300 | _aCOMPACT DISC | ||
| 300 | _c66 minuti (Testo: 0 pag.) | ||
| 500 | _aMusica jazz. Disco fuori commercio allegato al n. 6 1992 della rivista "Musica jazz" | ||
| 505 | _aBlue Daniel [(Stoccolma, 21 novembre 1960) (9:00)] - Azule Serape [(Stoccolma, 21 novembre 1960) (8:00)] - Big P. [(Stoccolma, 21 novembre 1960) (9:00)] - Domination [(Amburgo, 19 marzo 1969) (4:00)] - Hamba Nami [(Amburgo, 19 marzo 1969) (4:00)] - I'm On My Way (5:00) - Work Song [(Amburgo, 19 marzo 1969) (6:00)] - Sweet Emma [(Amburgo, 19 marzo 1992) (5:00)] - Rumpelstiliskin [(Amburgo, 19 marzo 1969) (5:00)] - Experience In E [(Amburgo, 19 marzo 1969) (6:00)] - Somewhere [(Amburgo, 19 marzo 1969) (5:00)] - Sticks [(Amburgo, 19 marzo 1969) (4:00)] | ||
| 511 | _aAdderley Nat: corn; Adderley Julian "Cannonball": alto; Feldman Victor: p; Jones Sam: cb; Hayes Louis: batt | ||
| 511 | _aAdderley Nat: corn; Adderley Julian "Cannonball": alto; Zawinul Joe: p; Gaskin Victor: cb; McCurdy Roy: batt | ||
| 650 |
_aJAZZ [COMPACT DISC] _eCodice MATERIA SPICS: 9949 _911822 |
||
| 700 |
_aAdderley Nat _gCodice interprete SPICS: 28426 _eInterprete _928430 |
||
| 700 |
_aRosolino Frank _gCodice autore musica SPICS: 36619 _eAutore musica _pBlue Daniel _928431 |
||
| 700 |
_aFeldman Victor _gCodice autore musica SPICS: 36620 _eAutore musica _pAzule Serape _928432 |
||
| 700 |
_aHeath Jimmy _gCodice autore musica SPICS: 36621 _eAutore musica _pBig P. _928433 |
||
| 700 |
_aAdderley Julian _gCodice autore musica SPICS: 36622 _eAutore musica _pDomination - Hamba Nami - I'm On My Way _928434 |
||
| 700 |
_aAdderley Nat _gCodice autore musica SPICS: 28426 _eAutore musica _pWork Song - Sweet Emma _928435 |
||
| 700 |
_aZawinul Josef _gCodice autore musica SPICS: 29324 _eAutore musica _pRumpelstiliskin - Experience In E - Sticks _928436 |
||
| 700 |
_aBernstein Leonard _gCodice autore musica SPICS: 10723 _eAutore musica _pSomewhere _928437 |
||
| 942 |
_cCD _2ddc |
||